| 000 | 00446nam a22001937a 4500 | ||
|---|---|---|---|
| 003 | MPLRDC | ||
| 005 | 20220104144312.0 | ||
| 008 | 210129b ||||| |||| 00| 0 eng d | ||
| 020 | _a962-973-501-6 | ||
| 082 | _a849 GXJ-11 | ||
| 100 | _a高行健 | ||
| 245 |
_a高行健剧作选 _c |
||
| 250 | _a初版 | ||
| 260 |
_a _b明报 _c2001 |
||
| 300 | _b平 | ||
| 490 | _a文学 | ||
| 650 | _a现代别集--高行健 | ||
| 942 |
_cBK _o849 GXJ-11 |
||
| 999 |
_c48305 _d48295 |
||